000 02108cam a2200265 4500500
005 20260208001910.0
041 _afre
042 _adc
100 1 0 _aMayer, Benoît
_eauthor
245 0 0 _aEnjeux et résultats de la COP21
260 _c2016.
500 _a23
520 _aLa XXIe Conférence des Parties à la Convention Cadre des Nations Unies sur les Changements Climatiques fut, comme annoncé, un événement historique. Il fut marqué par l’adoption de l’Accord de Paris, un traité international qui encadrera les efforts d’atténuation des émissions de gaz à effet de serre à partir de 2020. Le mécanisme mis en place par ce traité est innovant, laissant une grande place aux processus politiques par lesquels les États décideront - ou non - de s’engager à des mesures ambitieuses. Seul l’avenir pourra dire si ce traité rencontrera un plus grand succès que le Protocole de Kyoto.
520 _aCOP21: its Issues and outcomesThe XXIst Conference of the Parties to the UN Framework Convention on Climate Change was, as expected, a historical event. The Conference adopted the Paris Agreement, an international treaty, to organize international cooperation in climate change mitigation efforts from 2020 onward. The mechanism established by the Paris Agreement is innovative and recognizes the primacy of the political processes through which States will commit - or not - to ambitious measures. Only time can tell whether this treaty will meet a greater success than the Kyoto Protocol in addressing the most pressing environmental issue of our time.
690 _aAccord de Paris
690 _achangement climatique
690 _adroit international
690 _aémissions de gaz à effet de serre
690 _aclimate change
690 _agreenhouse gas emissions
690 _ainternational law
690 _aParis Agreement
786 0 _nRevue juridique de l’environnement | Volume 41 | 1 | 2016-03-25 | p. 13-17 | 0397-0299
856 4 1 _uhttps://droit.cairn.info/revue-juridique-de-l-environnement-2016-1-page-13?lang=fr&redirect-ssocas=7080
999 _c1645631
_d1645631